| 000 | 00831nam a2200265Ia 4500 | ||
|---|---|---|---|
| 003 | OSt | ||
| 005 | 20220918170545.0 | ||
| 006 | a|||||r|||| 00| 0 | ||
| 007 | ta | ||
| 008 | 220917b |||||||| |||| 00| 0 eng d | ||
| 020 |
_a9780387369228 (hbk) _c10799.82 |
||
| 024 | _a240,570 | ||
| 037 |
_b3879, 30/12/2009, Raj Kiran Book Agency _cTextual |
||
| 040 |
_aARTS _cARTS _beng |
||
| 041 |
_2eng _aeng |
||
| 082 | _aE:26, Q0 | ||
| 100 |
_aComninellis Christos Ed. _929814 |
||
| 245 | 0 | _aElectrchemistry for the environment | |
| 260 |
_aNew York _bSpringer USA _c2010 |
||
| 300 |
_axi,563p. _ccm. |
||
| 650 |
_aCHEMISTRY _96590 |
||
| 700 |
_a Chen Guohua Ed. _929815 |
||
| 942 |
_hE:26, Q0 _cTEXL _2CC |
||
| 999 |
_c134688 _d134688 |
||